000 00260aas a2200085 4500
008 240130b |||||||| |||| 00| 0 eng d
245 _aOur Laws
260 _bThe department of women and child development, Ministry of Human resource development,
_c1992
942 _cCR
999 _c4697
_d4697